| 000 | 00000nas##2200000za#4500 |
|---|---|
| 001 | 9.504695 |
| 003 | CaOODSP |
| 005 | 20200325130540 |
| 007 | cr ||||||||||| |
| 008 | 150406c2001||||xxc|| m o||||f| |0eng|d |
| 040 | |aCaOODSP|beng |
| 043 | |an-cn--- |
| 086 | 1 |aM92-213E-PDF |
| 110 | 1 |aCanada.|bNatural Resources Canada. |bEnergy Resources Branch. |
| 245 | 10|aBioenergy series |h[electronic resource] |
| 260 | |aOttawa - Ontario : |bNatural Resources Canada. |c2001--. |
| 775 | 08|tSérie sur la bioénergie |w(CaOODSP)9.501107 |
| 776 | 0#|tBioenergy series |w(CaOODSP)9.514787 |